| 000 | 005380000a22001570004500 | ||
|---|---|---|---|
| 003 | MACL | ||
| 005 | 20180301130236.0 | ||
| 008 | 180301b xxu||||| |||| 00| 0 eng d | ||
| 040 | _cmacl | ||
| 100 |
_a पाण्डेय, डॉ पृथ्वीनाथ _970940 |
||
| 245 | _aक्रांति नेल्सन मण्डेला | ||
| 260 |
_b सर्वेश प्रकाशन _c2005 |
||
| 350 | _a45 | ||
| 650 |
_a चिल्ड्रन्स बुक, _968548 |
||
| 942 |
_cBK _k741.642 _2ddc |
||
| 999 |
_c18780 _d18780 |
||